000 01240nam a22003137a 4500
003 EG-GICUC
005 20260504232434.0
008 260504s1988 ua ||||fr|||| 00| 0 ara d
040 _a EG-GICUC
_bara
_c EG-GICUC
_d EG-GICUC
_erda
041 _aara
082 0 4 _221
_a345.0538
_bا ب . ق
092 0 4 _221
099 _aLaw1 07 345.0538 ا ب . ق 1 ed - 1988
100 0 _aابراهيم طه الفياض
_eAuthor.
245 1 0 _aالقانون الإدرى :
_bنشاط وأعمال السلطة الإدارية بين القانون الكويتي والقانون المقارن /
_cابراهيم طه الفياض
250 _aالطبعة الأولى
264 _aالكويت :
_bمكتبة الفلاح ,
_c1988.
300 _a516 صفحة;
_c24 سم
_bإيضاحيات، صور، مثيليات ؛
336 _2rda content
_atext
337 _2rda media
_aComputer
338 _2rda carrier
_aOnline Resource
504 _a. 240-220 ببليوجرافيا: صفحات.
546 _aالنص باللغة العربية
650 1 _aالقانون الإدارى
_2qrmak
651 1 _2qrmak
856 4 0 _uhttps://fll.law.cu.edu.eg/fulltext/bks/B07-04640.pdf
905 _a44
942 _2ddc
_cBK
_e21
_n0
999 _c75569
_d75569